[Event "Morava Region-chTA"]
[Site "Czech Republic"]
[Date "2025.01.12"]
[Round "6.7"]
[White "Sotek, Matej"]
[Black "Oplustil, Jiri"]
[Result "1-0"]
[WhiteElo "1678"]
[BlackElo "1836"]
[PlyCount "99"]
[EventDate "2024.10.13"]
[EventType "team-tourn"]
[EventRounds "11"]
[EventCountry "CZE"]
[SourceTitle "CB16_2025"]
[SourceDate "2025.04.16"]
[SourceVersion "1"]
[SourceVersionDate "2025.04.16"]
[SourceQuality "1"]
[WhiteTeam "Opava Slezan III"]
[BlackTeam "Fulnek"]
[WhiteTeamCountry "CZE"]
[BlackTeamCountry "CZE"]

1. e4 c6 2. d4 d5 3. f3 Nd7 4. c4 e6 5. Bf4 Ne7 6. Nc3 Ng6 7. Bg3 dxc4 8. Bxc4 Nb6 9. Bb3 Be7 10. Nge2 0-0 11. 0-0 Bh4 12. f4 Bxg3 13. Nxg3 Ne7 14. Nh5 f5 15. e5 Nbd5 16. Bxd5 Nxd5 17. Rf3 Kh8 18. Rg3 Rg8 19. Rh3 Qe7 20. Qf3 Bd7 21. Ng3 Be8 22. Nge2 Bg6 23. Nxd5 cxd5 24. Rc1 Rac8 25. Rxc8 Rxc8 26. Qb3 Qd7 27. Rc3 Rxc3 28. Nxc3 Be8 29. Qa3 Kg8 30. Qxa7 h6 31. Qc5 g5 32. fxg5 hxg5 33. b4 f4 34. b5 Qh7 35. Qa3 f3 36. Qc1 f2+ 37. Kf1 Qf5 38. Qd2 Bxb5+ 39. Nxb5 Qb1+ 40. Kxf2 Qxb5 41. Qxg5+ Kh7 42. Qe7+ Kh8 43. Qf8+ Kh7 44. Qf7+ Kh8 45. Qh5+ Kg7 46. Qg4+ Kh7 47. Qh3+ Kg7 48. Qxe6 Qb2+ 49. Kg3 Qxd4 50. Qg4+ 1-0

[Event "Morava Region-chTA"]
[Site "Czech Republic"]
[Date "2024.11.03"]
[Round "2.5"]
[White "Sotek, Matej"]
[Black "Gazda, Petr"]
[Result "0-1"]
[WhiteElo "1678"]
[BlackElo "1955"]
[PlyCount "104"]
[EventDate "2024.10.13"]
[EventType "team-tourn"]
[EventRounds "11"]
[EventCountry "CZE"]
[SourceTitle "CB16_2025"]
[SourceDate "2025.04.16"]
[SourceVersion "1"]
[SourceVersionDate "2025.04.16"]
[SourceQuality "1"]
[WhiteTeam "Opava Slezan III"]
[BlackTeam "Ludgerovice"]
[WhiteTeamCountry "CZE"]
[BlackTeamCountry "CZE"]

1. e4 d6 2. d4 Nf6 3. Bd3 e5 4. d5 c6 5. c4 Be7 6. Nc3 0-0 7. f4 exf4 8. Bxf4 a5 9. Nf3 Bg4 10. h3 Bh5 11. g4 Bg6 12. Qc2 Na6 13. a3 Nc5 14. 0-0-0 cxd5 15. cxd5 Rc8 16. Rhe1 b5 17. Nd4 Nxd3+ 18. Rxd3 b4 19. Nc6 Rxc6 20. dxc6 bxc3 21. Rxc3 Qc7 22. Qa4 Rc8 23. e5 Nd5 24. exd6 Bxd6 25. Bxd6 Nxc3 26. Bxc7 Nxa4 27. b4 axb4 28. axb4 h6 29. Re7 Bd3 30. Kd2 Bb5 31. Rd7 Bxc6 32. Rd8+ Rxd8+ 33. Bxd8 Kf8 34. Kd3 Bb5+ 35. Kd4 Ke8 36. Bc7 Kd7 37. Be5 f6 38. Bb8 Ke6 39. Ke4 g6 40. Bf4 g5 41. Bg3 Bf1 42. h4 Be2 43. hxg5 hxg5 44. Bb8 Bxg4 45. b5 f5+ 46. Kd3 Kd5 47. Bg3 Kc5 48. Be5 Bd1 49. Kd2 Bb3 50. Bf6 g4 51. Ke3 Be6 52. Kf4 Kxb5 0-1

[Event "Morava-ch U14"]
[Site "Bystrice nad Pernstejnem"]
[Date "2024.10.30"]
[Round "7"]
[White "Kozdon, Marek"]
[Black "Sotek, Matej"]
[Result "0-1"]
[WhiteElo "1708"]
[BlackElo "1682"]
[PlyCount "68"]
[EventDate "2024.10.26"]
[EventType "swiss"]
[EventRounds "9"]
[EventCountry "CZE"]
[SourceTitle "CB45_2024"]
[Source "ChessBase"]
[SourceDate "2024.11.06"]
[SourceVersion "1"]
[SourceVersionDate "2024.11.06"]
[SourceQuality "1"]

1. d4 c5 2. d5 e6 3. c4 exd5 4. cxd5 d6 5. Nc3 Nf6 6. e4 g6 7. h3 Bg7 8. Nf3 0-0 9. Bd3 a6 10. a4 Re8 11. 0-0 Nbd7 12. Bf4 Nf8 13. Re1 b6 14. Qd2 Ra7 15. Rab1 Rae7 16. Qe2 Nh5 17. Bg5 f6 18. Bd2 f5 19. Bg5 Bf6 20. Bxf6 Nxf6 21. Bxa6 fxe4 22. Nd2 e3 23. fxe3 Rxe3 24. Qxe3 Rxe3 25. Rxe3 Bxa6 26. Rbe1 Bb7 27. Rd3 Qd7 28. Nde4 Nxe4 29. Nxe4 Qe7 30. Rf3 Kg7 31. Ref1 Bxd5 32. Rxf8 Bxe4 33. R8f2 Bc6 34. b3 d5 0-1

[Event "Morava-ch U14"]
[Site "Bystrice nad Pernstejnem"]
[Date "2024.10.28"]
[Round "4"]
[White "Sotek, Matej"]
[Black "Komarek, Tobias"]
[Result "0-1"]
[WhiteElo "1682"]
[BlackElo "1798"]
[PlyCount "66"]
[EventDate "2024.10.26"]
[EventType "swiss"]
[EventRounds "9"]
[EventCountry "CZE"]
[SourceTitle "CB45_2024"]
[Source "ChessBase"]
[SourceDate "2024.11.06"]
[SourceVersion "1"]
[SourceVersionDate "2024.11.06"]
[SourceQuality "1"]

1. e4 c6 2. d4 d5 3. f3 dxe4 4. fxe4 e5 5. Nf3 Be6 6. c3 Nd7 7. Bd3 Bd6 8. 0-0 Ngf6 9. Bg5 Qb6 10. Qe2 0-0-0 11. Be3 Ng4 12. Bf2 Nxf2 13. Qxf2 f6 14. a4 a5 15. Na3 exd4 16. cxd4 Ne5 17. Be2 Nxf3+ 18. Bxf3 Bxa3 19. Rxa3 Qxd4 20. Rc3 Qxa4 21. Ra3 Qb4 22. Qa7 Qxb2 23. Qa8+ Kc7 24. Qxa5+ Qb6+ 25. Qxb6+ Kxb6 26. Rb1+ Kc7 27. e5 fxe5 28. Re3 Bf5 29. Rb2 e4 30. Bxe4 Rhe8 31. Rbe2 Rxe4 32. Rxe4 Bxe4 33. Rxe4 Rd7 0-1

[Event "CZE-ch U12"]
[Site "Kouty nad Desnou"]
[Date "2024.03.15"]
[Round "8"]
[White "Sotek, Matej"]
[Black "Kroulik, Stepan"]
[Result "1-0"]
[WhiteElo "1716"]
[BlackElo "1683"]
[PlyCount "53"]
[EventDate "2024.03.09"]
[EventType "swiss"]
[EventRounds "9"]
[EventCountry "CZE"]
[SourceTitle "CBM 219 Extra"]
[Source "ChessBase"]
[SourceDate "2024.05.31"]
[SourceVersion "1"]
[SourceVersionDate "2024.05.31"]
[SourceQuality "1"]

1. e4 c5 2. Nf3 e6 3. d4 cxd4 4. Nxd4 Nc6 5. Be2 a6 6. Nc3 Bb4 7. Nxc6 Bxc3+ 8. bxc3 bxc6 9. 0-0 Ne7 10. c4 Qa5 11. Bb2 0-0 12. Qd4 f6 13. Bc3 Qc7 14. Bb4 Re8 15. Bh5 Ng6 16. Bd6 Qa5 17. c5 Qd8 18. f4 Nh8 19. Bxe8 Qxe8 20. Rab1 Qd8 21. Rb3 Nf7 22. Rfb1 Qa5 23. Qb4 Qb5 24. Qd2 Qc4 25. Rb8 Rxb8 26. Rxb8 Nxd6 27. cxd6 1-0

[Event "CZE-ch U12"]
[Site "Kouty nad Desnou"]
[Date "2024.03.13"]
[Round "6"]
[White "Sudrich, Radek1"]
[Black "Sotek, Matej"]
[Result "1-0"]
[WhiteElo "1722"]
[BlackElo "1716"]
[PlyCount "93"]
[EventDate "2024.03.09"]
[EventType "swiss"]
[EventRounds "9"]
[EventCountry "CZE"]
[SourceTitle "CBM 219 Extra"]
[Source "ChessBase"]
[SourceDate "2024.05.31"]
[SourceVersion "1"]
[SourceVersionDate "2024.05.31"]
[SourceQuality "1"]

1. e4 c6 2. d4 d5 3. Nc3 e6 4. Nf3 Nf6 5. e5 Nfd7 6. Bd3 c5 7. Bf4 a6 8. dxc5 Bxc5 9. Ng5 Qb6 10. 0-0 Qxb2 11. Na4 Qb4 12. Nxc5 Nxc5 13. Bd2 Qb6 14. Qf3 Qc7 15. Rac1 Nc6 16. Bf4 Nxd3 17. cxd3 h6 18. Qh3 Qe7 19. Nf3 Bd7 20. Qg3 g5 21. Be3 Qb4 22. Rb1 Qa4 23. Rxb7 g4 24. Nh4 h5 25. f4 Na5 26. Rc7 d4 27. Bf2 Nc6 28. Rc1 Qb5 29. f5 Qb6 30. fxe6 fxe6 31. Ng6 Rg8 32. R1xc6 Bxc6 33. Re7+ Kd8 34. Qh4 Kc8 35. Rxe6 Kb7 36. Qe7+ Qc7 37. Qb4+ Bb5 38. Re7 Rxg6 39. Rxc7+ Kxc7 40. Qe7+ Bd7 41. Bxd4 Re6 42. Qc5+ Rc6 43. Qa5+ Kb7 44. Be3 Re8 45. d4 Rb6 46. Qd5+ Rc6 47. Qxd7+ 1-0